LEADER 01055nam0-2200313---450- 001 990009348220403321 005 20110422110539.0 035 $a000934822 035 $aFED01000934822 035 $a(Aleph)000934822FED01 035 $a000934822 100 $a20110422d1994----km-y0itay50------ba 101 0 $aita 102 $aIT 105 $ay-------001yy 200 1 $aLegislazione alimentare e mercato unico$eatti convegno nazionale$e(Tirrenia, 21-22 maggio 1993) 210 $aPisa$cCamera di commercio industria artigianato e agricoltura$dstampa 1994 215 $aX, 194 p.$cill.$d30 cm 300 $aSupplemento di Pisa economica : quindicinale della Camera di commercio di Pisa 610 0 $aAlimenti$aLegislazione$aCongressi$a1993 610 0 $aAlimenti per animali$aLegislazione$aCongressi$a1993 676 $a614.3 801 0$aIT$bUNINA$gRICA$2UNIMARC 901 $aBK 912 $a990009348220403321 952 $aI Leg. 40$b11516$fDMVSF 959 $aDMVSF 996 $aLegislazione alimentare e mercato unico$9767393 997 $aUNINA LEADER 02011nas 2200625-a 450 001 996200454403316 005 20210116033313.1 035 $a(CKB)110992357378262 035 $a(CONSER)---93649545- 035 $a(EXLCZ)99110992357378262 100 $a19930503b19932018 --- - 101 0 $ager 181 $ctxt$2rdacontent 182 $cc$2rdamedia 183 $acr$2rdacarrier 200 00$aBankenstatistik /$fDeutsche Bundesbank 210 $aFrankfurt am Main $cDeutsche Bundesbank$d1993-[2018] 215 $a1 online resource 225 1 $aJan. 1995-: Statistisches Beiheft zum Monatsbericht ;$v1 311 $aPrint version: Bankenstatistik / (DLC) 93649545 (DLC)sn 93017573 (DLC)sn 96038027 (OCoLC)28031396 0943-8750 410 0$aStatistisches Beiheft zum Monatsbericht ;$v1. 531 0 $aBankenstatistik 606 $aBanks and banking$zGermany$vStatistics$vPeriodicals 606 $aBanques$2eclas 606 $aDonnées statistiques$2eclas 606 $aMensuels$2eclas 606 $aActivité bancaire$2eclas 606 $aStatistiques financières$2eclas 606 $aBanks and banking$2fast$3(OCoLC)fst00826867 606 $aBankwezen$2gtt 606 $aBankenstatistik$2stw 606 $aDeutschland$2stw 607 $aAllemagne RF$2eclas 607 $aAllemagne$2eclas 607 $aGermany$2fast 608 $aPeriodicals.$2fast 608 $aStatistics.$2fast 608 $aStatistics.$2lcgft 608 $aPeriodicals.$2lcgft 615 0$aBanks and banking 615 7$aBanques. 615 7$aDonnées statistiques. 615 7$aMensuels. 615 7$aActivité bancaire. 615 7$aStatistiques financières. 615 7$aBanks and banking. 615 17$aBankwezen. 615 7$aBankenstatistik. 615 7$aDeutschland. 712 02$aDeutsche Bundesbank, 906 $aJOURNAL 912 $a996200454403316 920 $aexl_impl conversion 996 $aBankenstatistik$91933549 997 $aUNISA LEADER 05196nam 2200949 450 001 9910788014703321 005 20230807210117.0 010 $a0-520-28671-5 024 7 $a10.1525/9780520961807 035 $a(CKB)2670000000608264 035 $a(EBL)1882109 035 $a(SSID)ssj0001458130 035 $a(PQKBManifestationID)12540354 035 $a(PQKBTitleCode)TC0001458130 035 $a(PQKBWorkID)11451815 035 $a(PQKB)11435976 035 $a(MiAaPQ)EBC1882109 035 $a(DE-B1597)518769 035 $a(OCoLC)906699108 035 $a(DE-B1597)9780520961807 035 $a(Au-PeEL)EBL1882109 035 $a(CaPaEBR)ebr11041372 035 $a(CaONFJC)MIL763353 035 $a(EXLCZ)992670000000608264 100 $a20150416h20152015 uy 0 101 0 $aeng 135 $aur|nu---|u||u 181 $ctxt 182 $cc 183 $acr 200 00$aBiodiversity in a changing climate $elinking science and management in conservation /$fedited by Terry L. Root [and three others] 210 1$aOakland, California :$cUniversity of California Press,$d2015. 210 4$d©2015 215 $a1 online resource (244 p.) 300 $aDescription based upon print version of record. 311 $a0-520-27885-2 311 $a0-520-96180-3 320 $aIncludes bibliographical references at the end of each chapters and index. 327 $tFront matter --$tContents --$tList of Contributors --$tPreface --$tCHAPTER 1. A New Era for Ecologists: Incorporating Climate Change into Natural Resource Management --$tCHAPTER 2. Climate Change from the Globe to California --$tCHAPTER 3. Climatic Influences on Ecosystems --$tCHAPTER 4. Modeling Krill in the California Current: A 2005 Case Study --$tCHAPTER 5. Shifts in Marine Biogeographic Ranges --$tCHAPTER 6. Integrating Global Climate Change and Conservation: A Klamath River Case Study --$tCHAPTER 7. Pollinators and Meadow Restoration --$tCHAPTER 8. Elevational Shifts in Breeding Birds in the Southern California Desert Region --$tCHAPTER 9. Conserving California Grasslands into an Uncertain Future --$tCHAPTER 10. Species Invasions: Linking Changes in Plant Composition to changes in Climate --$tCHAPTER 11. Evolutionary Conservation under Climate Change --$tCHAPTER 12. Fossils Predict Biological Responses to Future Climate Change --$tCHAPTER 13. Historical Data on Species Occurrence: Bridging the Past to the Future --$tGlossary --$tINDEX --$tContributor Bios 330 $aOne major consequence of climate change is abrupt, dramatic changes in regional biodiversity. Even if the most optimistic scenarios for mitigating climate change transpire, the fate of many wild species rests on the shoulders of people engaged in conservation planning, management, and policy. Providing managers with the latest and most useful climate change research is critical and requires challenging the conventional divide between scientists and managers. Biodiversity in a Changing Climate promotes dialogue among scientists, decision makers, and managers who are grappling with climate-related threats to species and ecosystems in diverse forms. The book includes case studies and best practices used to address impacts related to climate change across a broad spectrum of species and habitats-from coastal krill and sea urchins to prairie grass and mountain bumblebees. Focused on California, the issues and strategies presented in this book will prove relevant to regions across the West, as well as other regions, and provide a framework for how scientists and managers in any region can bridge the communication divide to manage biodiversity in a rapidly changing world. Biodiversity and a Changing Climate will prove an indispensable guide to students, scientists, and professionals engaged in conservation and resource management. 606 $aBiodiversity$xClimatic factors$zCalifornia 606 $aBiodiversity conservation$zCalifornia 610 $aamerican west. 610 $aanimal preservation. 610 $aanimal species. 610 $abiodiversity. 610 $acalifornia. 610 $aclimate change. 610 $aclimatology. 610 $acoastal krill. 610 $aconservation science. 610 $aconservation. 610 $aearth sciences. 610 $aecology. 610 $aendangered animals. 610 $aenvironment. 610 $aglobal warming. 610 $ahabitats. 610 $alife sciences. 610 $amountain bumblebees. 610 $anature preserve. 610 $anature reserve. 610 $anature. 610 $anonfiction. 610 $aprairie grass. 610 $apreservation. 610 $apublic policy. 610 $aregional biodiversity. 610 $ascience. 610 $asea urchins. 610 $awild animals. 615 0$aBiodiversity$xClimatic factors 615 0$aBiodiversity conservation 676 $a577.2/209794 702 $aRoot$b Terry Louise 801 0$bMiAaPQ 801 1$bMiAaPQ 801 2$bMiAaPQ 906 $aBOOK 912 $a9910788014703321 996 $aBiodiversity in a changing climate$93789467 997 $aUNINA